00319nam a22001095i 450000500170000002000180001708200160003524500700005126000420012130000190016370000270018220250728121800.0 a9789365694925 a891.4 FAL/H00aHow i write :bwriters on their craft /cedited by Sonia Faleiro. a. - Haryanab: Harper Collinsc, 2024 axii, 283 pages aFaleiro, Sonia ,editor